| 000 | 01279cam a2200385 i 4500 | ||
|---|---|---|---|
| 001 | 20624004 | ||
| 003 | NUST | ||
| 005 | 20220828190752.0 | ||
| 008 | 180810s2018 nyu 000 0 eng | ||
| 010 | _a 2018038204 | ||
| 020 | _a9781324002642 (hardcover) | ||
| 038 | _aAzhar | ||
| 040 |
_aDLC _beng _erda _cDLC _dDLC |
||
| 042 | _apcc | ||
| 043 | _an-us--- | ||
| 050 | 0 | 0 |
_aE912 _b.L48 2018 |
| 082 | 0 | 0 |
_a320.973090512 _223 _bLEW |
| 100 | 1 |
_aLewis, Michael _q(Michael M.), _eauthor. _993758 |
|
| 245 | 1 | 4 |
_aThe fifth risk _cMichael Lewis. |
| 250 | _aFirst edition. | ||
| 260 |
_aNY _bW.W. Norton & Company, _c2018 |
||
| 300 |
_a221 p _c25 cm |
||
| 336 |
_atext _btxt _2rdacontent |
||
| 337 |
_aunmediated _bn _2rdamedia |
||
| 338 |
_avolume _bnc _2rdacarrier |
||
| 563 | _aHB | ||
| 650 | 0 |
_aUnited States _xPolitics and government _y2017- _993759 |
|
| 650 | 0 |
_aAdministrative agencies _zUnited States _xManagement. _993760 |
|
| 650 | 0 |
_aGovernment executives _zUnited States. _993761 |
|
| 650 | 0 |
_aPublic administration _zUnited States. _95691 |
|
| 650 | 0 |
_aCivil service _zUnited States. _993762 |
|
| 906 |
_a7 _bcbc _corignew _d1 _eecip _f20 _gy-gencatlg |
||
| 942 |
_2ddc _cLC |
||
| 999 |
_c590347 _d590347 |
||